• 首页
  • 本馆介绍
  • 公告通知
  • 最新文献
  • 馆藏检索
  • 电子资源
  • 读者导购
  • 参考咨询
  • 我的图书馆
  • 登录
  • 详细信息显示
  • 放入我的书架
  • 预约/预借图书
  • 作者相关作品
  • 分类相关作品
  • 丛书相关作品
  • 出版社相关作品

书目信息

  • 表格格式
  • 工作单格式
  • 卡片格式
题名:
汉字会说话
    
 
作者: 涂白奎 , 崔乐才 编著
分册: 1   描头摹足
出版信息: 沈阳   辽宁人民出版社  2018
页数: 75页
开本: 21cm
丛书名:
单 册:
中图分类: H12-49
科图分类:
主题词: 汉字--少儿读物
电子资源:
ISBN: 978-7-205-09199-6
000 00957nam0 2200241 450
001 5615
005 20180530153323.67
010    @a978-7-205-09199-6@dCNY18.00
100    @a20180412d2018 cemy0chiy50 ea
101 0  @achi
102    @aCN@b210000
105    @aa z 000yy
200 1  @a汉字会说话@9han zi hui shuo hua@i描头摹足@e象形@h1@f涂白奎,崔乐才编著
210    @a沈阳@c辽宁人民出版社@d2018
215    @a75页@c彩图@d21cm
300    @a3-6岁亲子阅读 6-12岁自主阅读
330    @a本系列图书是由古文字专家专门奉献给小朋友们的倾心之作。第一辑共5本选取了与孩子们生活和学习息息相关的125个字,按《说文解字》的“六书”来分类,本辑为大家讲解的分别是象形字、会意字、指事字,逐个为他们“庖丁解牛”,寻根溯源,陪伴小朋友们不知不觉中领会汉字的奥秘。
606 0  @a汉字@j少儿读物
690    @aH12-49@v5
701  0 @a涂白奎@9tu bai kui@f(1954-)@4编著
701  0 @a崔乐才@9cui le cai@4编著
801  0 @aCN@b91MARC@c20180412
905    @aMuseLib@dH12-49@e183:1(1)
    
    汉字会说话.描头摹足:象形.1/涂白奎,崔乐才编著.-沈阳:辽宁人民出版社,2018
    75页:彩图;21cm
    3-6岁亲子阅读 6-12岁自主阅读
    
    ISBN 978-7-205-09199-6:CNY18.00
    本系列图书是由古文字专家专门奉献给小朋友们的倾心之作。第一辑共5本选取了与孩子们生活和学习息息相关的125个字,按《说文解字》的“六书”来分类,本辑为大家讲解的分别是象形字、会意字、指事字,逐个为他们“庖丁解牛”,寻根溯源,陪伴小朋友们不知不觉中领会汉字的奥秘。
●
相关链接 在E读中查询图书 在五车中查询图书 在当当中查询图书 在豆瓣中查询图书


正题名:汉字会说话     索取号:H12-49/183:1(1)         预约/预借

序号 登录号 条形码 馆藏地/架位号 状态 备注
1 1113990   211139908   第二样本阅览室/ [索取号:H12-49/183:1(1)] 在馆    
2 1113991   211139917   教育系资料室/ [索取号:H12-49/183:1(1)] 在馆    
3 1113992   211139926   教育系资料室/ [索取号:H12-49/183:1(1)] 在馆    
4 1113993   211139935   第四借阅区/ [索取号:H12-49/183:1(1)] 在馆    
唐山师范学院图书馆 欢迎您!
大连网信软件有限公司© 版权所有